000 004770000a22001690004500
003 MACL
005 20160315163836.0
008 160315b xxu||||| |||| 00| 0 eng d
040 _aMACL
_cMACL
041 _aHindi
082 _a920
100 _aगांधीजी
_938113
245 _aअस्‍पृश्‍यता
260 _bनवजीवन प्रकाशन
_c1961
_aअहमदाबाद
650 _aBiography
_946280
942 _cHIN
_k920
_2ddc
999 _c25358
_d25358